000 00210nam a2200097Ia 4500
008 240331s9999 xx 000 0 und d
082 _bTHE
100 _aThewarapperuma,D.B
245 0 _aSinhasenapathi
942 _cL
999 _c5320
_d5320